[Event "VIE-ch Resolution 7th"]
[Site "Bac Giang"]
[Date "2014.12.12"]
[Round "7"]
[White "Le, Huu Thai"]
[Black "Ly, Hong Nguyen"]
[Result "1/2-1/2"]
[WhiteElo "2066"]
[BlackElo "2285"]
[PlyCount "71"]
[EventDate "2014.12.05"]
[EventType "swiss"]
[EventRounds "9"]
[EventCountry "VIE"]
[SourceTitle "EXT 2019"]
[Source "ChessBase"]
[SourceDate "2018.10.10"]
[SourceVersion "1"]
[SourceVersionDate "2018.10.10"]
[SourceQuality "1"]

1. d4 d5 2. g3 Nf6 3. Bg2 c6 4. Nf3 Bf5 5. 0-0 e6 6. b3 Nbd7 7. Bb2 Be7 8. Nbd2 h6 9. c4 0-0 10. e3 Ne4 11. Nxe4 Bxe4 12. Qe2 Re8 13. Nd2 Bxg2 14. Kxg2 Nf6 15. c5 Nd7 16. b4 Qc7 17. f4 a5 18. a3 axb4 19. axb4 b5 20. Qd3 Qb7 21. Qc2 Nf6 22. h3 Reb8 23. Bc3 Bd8 24. g4 Qe7 25. Ra2 g5 26. fxg5 hxg5 27. Rfa1 Qb7 28. Kf3 Bc7 29. e4 Rxa2 30. Rxa2 dxe4+ 31. Nxe4 Nxe4 32. Qxe4 Ra8 33. Rxa8+ Qxa8 34. Bd2 Qa1 35. Ke2 Qa2 36. Kd1 1/2-1/2

[Event "VIE-ch Resolution 7th"]
[Site "Bac Giang"]
[Date "2014.12.09"]
[Round "4"]
[White "Ly, Hong Nguyen"]
[Black "Nguyen, Duc Viet"]
[Result "1/2-1/2"]
[WhiteElo "2285"]
[BlackElo "2121"]
[PlyCount "145"]
[EventDate "2014.12.05"]
[EventType "swiss"]
[EventRounds "9"]
[EventCountry "VIE"]
[SourceTitle "EXT 2016"]
[Source "ChessBase"]
[SourceDate "2015.10.08"]
[SourceVersion "1"]
[SourceVersionDate "2015.10.08"]
[SourceQuality "1"]

1. e4 d5 2. exd5 Qxd5 3. Nc3 Qa5 4. d4 c6 5. Bc4 Nf6 6. Nf3 Bf5 7. Bd2 e6 8. Nd5 Qd8 9. Nxf6+ gxf6 10. c3 Nd7 11. Nh4 Bg6 12. h3 Qc7 13. Qe2 Bd6 14. 0-0-0 0-0-0 15. g3 Qa5 16. f4 Kb8 17. g4 f5 18. g5 Qc7 19. Rhf1 Nf8 20. Ng2 h6 21. Qe3 hxg5 22. fxg5 Bh5 23. Rde1 Ng6 24. Kb1 f4 25. Nxf4 Nxf4 26. Rxf4 Bxf4 27. Qxf4 Bg6+ 28. Kc1 Qxf4 29. Bxf4+ Kc8 30. Rh1 c5 31. h4 cxd4 32. Be5 Rh7 33. cxd4 Rg8 34. Kd2 Be4 35. Rh2 Kd7 36. Ke3 Bg6 37. Bb5+ Ke7 38. Bf6+ Kd6 39. Be2 Rc8 40. h5 Bf5 41. Be5+ Ke7 42. Bd3 Bxd3 43. Kxd3 Rc1 44. h6 Rd1+ 45. Rd2 Rg1 46. Bf6+ Kd7 47. Rc2 a6 48. a4 b6 49. Rf2 Kd6 50. Kc4 Kc6 51. Kb4 a5+ 52. Kc4 Rg3 53. b4 axb4 54. Kxb4 Rg1 55. Rc2+ Kb7 56. Rf2 Kc6 57. Kc4 Rg4 58. Rf3 e5 59. Rd3 exd4 60. Rxd4 Rg2 61. Rd8 Rg4+ 62. Rd4 Rg2 63. Re4 Rf2 64. Bd4 Rf5 65. Re5 Rf4 66. Re8 Rg4 67. Rc8+ Kb7 68. Rg8 f6 69. Kc3 Rxg5 70. Rxg5 fxg5 71. Bg7 Ka6 72. Kd3 Ka5 73. Ke4 1/2-1/2

[Event "VIE-chT"]
[Site "Ho Chi Minh City"]
[Date "2013.08.15"]
[Round "3"]
[White "Ly, Hong Nguyen"]
[Black "Dinh, Duc Trong"]
[Result "1/2-1/2"]
[WhiteElo "2281"]
[BlackElo "2356"]
[PlyCount "36"]
[EventDate "2013.08.14"]
[EventType "team-swiss"]
[EventRounds "11"]
[EventCountry "VIE"]
[SourceTitle "CBM 156 Extra"]
[Source "ChessBase"]
[SourceDate "2013.10.22"]
[SourceVersion "1"]
[SourceVersionDate "2013.10.22"]
[SourceQuality "1"]

1. e4 g6 2. d4 Bg7 3. Nc3 d6 4. f4 e6 5. Nf3 Ne7 6. Be3 Nd7 7. Bd3 Nf6 8. h3 b6 9. 0-0 0-0 10. Qe1 c5 11. Rd1 Bb7 12. dxc5 bxc5 13. e5 Nfd5 14. exd6 Qxd6 15. Ne4 Qc7 16. Bxc5 Nxf4 17. Bd6 Qb6+ 18. Bc5 Qc7 1/2-1/2

[Event "VIE-ch"]
[Site "Ho Chi Minh City"]
[Date "2013.04.17"]
[Round "4"]
[White "Bui, Trong Hao"]
[Black "Ly, Hong Nguyen"]
[Result "0-1"]
[WhiteElo "2142"]
[BlackElo "2315"]
[PlyCount "124"]
[EventDate "2013.04.15"]
[EventType "swiss"]
[EventRounds "7"]
[EventCountry "VIE"]
[SourceTitle "CBM 154 Extra"]
[Source "ChessBase"]
[SourceDate "2013.06.25"]
[SourceVersion "2"]
[SourceVersionDate "2013.06.25"]
[SourceQuality "1"]

1. Nf3 Nf6 2. g3 d5 3. Bg2 e6 4. 0-0 Be7 5. c4 0-0 6. b3 c5 7. cxd5 exd5 8. Bb2 Nc6 9. d4 Bg4 10. dxc5 Bxc5 11. Nc3 Re8 12. Na4 Bb4 13. a3 Bf8 14. Rc1 Rc8 15. b4 Ne4 16. h3 Bh5 17. g4 Bg6 18. Nd4 h5 19. Nxc6 bxc6 20. e3 hxg4 21. Qxg4 Nd6 22. Rfd1 Qe7 23. Bd4 Nc4 24. Nc3 Qe6 25. Ra1 a5 26. Bc5 Bf5 27. Qh4 Bxc5 28. bxc5 Rb8 29. Ne2 Rb2 30. Re1 Be4 31. Nd4 Qd7 32. Bxe4 dxe4 33. Rab1 Rxb1 34. Rxb1 Nd2 35. Rb6 Qxd4 36. exd4 Nf3+ 37. Kf1 Nxh4 38. Rxc6 Rd8 39. Ra6 Nf3 40. Rxa5 Nxd4 41. Ra4 Nb3 42. c6 Rc8 43. Rb4 Na5 44. Rxe4 Rxc6 45. Kg2 Rc3 46. a4 Ra3 47. f3 Nb3 48. Rc4 Nd2 49. Rf4 Nb1 50. Kg3 Nc3 51. Rc4 Nxa4 52. Rc8+ Kh7 53. Ra8 Ra2 54. Ra7 f6 55. h4 Nc3 56. Rc7 Ne2+ 57. Kg4 Ra4+ 58. Kh3 Rf4 59. Kg2 Rxh4 60. Kf2 Nd4 61. Rd7 Nf5 62. Kg2 Kg6 0-1

[Event "VIE-ch"]
[Site "Ho Chi Minh City"]
[Date "2013.04.15"]
[Round "2"]
[White "Tran, Minh Thang"]
[Black "Ly, Hong Nguyen"]
[Result "1-0"]
[WhiteElo "2086"]
[BlackElo "2315"]
[PlyCount "53"]
[EventDate "2013.04.15"]
[EventType "swiss"]
[EventRounds "7"]
[EventCountry "VIE"]
[SourceTitle "CBM 154 Extra"]
[Source "ChessBase"]
[SourceDate "2013.06.25"]
[SourceVersion "2"]
[SourceVersionDate "2013.06.25"]
[SourceQuality "1"]

1. d4 d5 2. Nf3 Nf6 3. c4 e6 4. Qb3 dxc4 5. Qxc4 a6 6. Bg5 b5 7. Qc2 Bb7 8. Nbd2 Nbd7 9. e4 Be7 10. a4 bxa4 11. Bd3 h6 12. Bxf6 Bxf6 13. Rxa4 c5 14. Nb3 cxd4 15. Na5 Qb6 16. Nxb7 Qxb7 17. Rc4 Ne5 18. Nxe5 Bxe5 19. 0-0 g5 20. g3 Rb8 21. f4 gxf4 22. gxf4 Rg8+ 23. Kh1 Bh8 24. Rc7 Qa8 25. Qa4+ Kf8 26. Qd7 Rg7 27. Rg1 1-0

[Event "VIE-ch playoff"]
[Site "Ho Chi Minh City"]
[Date "2010.04.03"]
[Round "2.2"]
[White "Nguyen, Thanh Nghia"]
[Black "Ly, Hong Nguyen"]
[Result "1/2-1/2"]
[WhiteElo "2206"]
[BlackElo "2308"]
[PlyCount "30"]
[EventDate "2010.03.26"]
[EventType "match"]
[EventRounds "2"]
[EventCountry "VIE"]
[SourceTitle "CBM 135 Extra"]
[Source "ChessBase"]
[SourceDate "2010.05.04"]
[SourceVersion "1"]
[SourceVersionDate "2010.05.04"]
[SourceQuality "1"]

1. e4 c5 2. Nf3 Nc6 3. d4 cxd4 4. Nxd4 g6 5. Nc3 Bg7 6. Be3 Nf6 7. Bc4 0-0 8. Bb3 a5 9. a4 d6 10. h3 Bd7 11. 0-0 Rc8 12. Qd2 Nxd4 13. Bxd4 Bc6 14. Bd5 Bxd5 15. exd5 Rc4 1/2-1/2

[Event "VIE-ch"]
[Site "Ho Chi Minh City"]
[Date "2010.03.30"]
[Round "8"]
[White "Ly, Hong Nguyen"]
[Black "Nguyen, Thanh Nghia"]
[Result "1/2-1/2"]
[WhiteElo "2308"]
[BlackElo "2206"]
[PlyCount "48"]
[EventDate "2010.03.26"]
[EventType "swiss"]
[EventRounds "9"]
[EventCountry "VIE"]
[SourceTitle "CBM 135 Extra"]
[Source "ChessBase"]
[SourceDate "2010.05.04"]
[SourceVersion "1"]
[SourceVersionDate "2010.05.04"]
[SourceQuality "1"]

1. e4 e5 2. Nf3 Nc6 3. d4 exd4 4. Bc4 Qf6 5. 0-0 d6 6. c3 Bg4 7. Qb3 Rb8 8. Nxd4 Nge7 9. Be3 a6 10. Nxc6 Nxc6 11. f4 Be7 12. Nd2 Bd7 13. Qc2 0-0 14. Bd3 h6 15. Rf3 g6 16. Raf1 Qg7 17. e5 d5 18. e6 Bxe6 19. f5 d4 20. fxe6 dxe3 21. Rxf7 Rxf7 22. Rxf7 Qe5 23. Bc4 Qh5 24. Be2 Qg5 1/2-1/2

[Event "VIE-chT"]
[Site "Nha Trang"]
[Date "2009.08.28"]
[Round "9"]
[White "Tu, Hoang Thong"]
[Black "Ly, Hong Nguyen"]
[Result "1/2-1/2"]
[WhiteElo "2509"]
[BlackElo "2302"]
[PlyCount "119"]
[EventDate "2009.08.21"]
[EventType "team-tourn"]
[EventRounds "11"]
[EventCountry "VIE"]
[SourceTitle "CBM 132 Extra"]
[Source "ChessBase"]
[SourceDate "2009.11.03"]
[SourceVersion "1"]
[SourceVersionDate "2009.11.03"]
[SourceQuality "1"]

1. d4 d5 2. Nf3 Nf6 3. c4 e6 4. g3 Bb4+ 5. Nbd2 0-0 6. Bg2 b6 7. 0-0 Bb7 8. Ne5 c6 9. Qc2 Nbd7 10. Rd1 Rc8 11. b3 c5 12. a3 Bxd2 13. Qxd2 cxd4 14. Nxd7 Qxd7 15. Qxd4 Qc7 16. Bf4 Qc5 17. Qxc5 bxc5 18. Rac1 Rfd8 19. Bg5 Ba8 20. Bxf6 gxf6 21. cxd5 Bxd5 22. Bxd5 Rxd5 23. Rxd5 exd5 24. e3 Kf8 25. Kf1 Ke7 26. Ke2 Kd6 27. b4 c4 28. Kd2 a5 29. Rb1 axb4 30. Rxb4 Ra8 31. a4 h5 32. e4 dxe4 33. Rxc4 Kd5 34. Rb4 f5 35. h4 Rd8 36. Ke3 Ke6 37. Rb6+ Ke7 38. Rb3 Ra8 39. Rb4 Rd8 40. Rb3 Ra8 41. Rb5 Rxa4 42. Rxf5 Ke6 43. Rb5 Ra2 44. Kxe4 Rxf2 45. Rxh5 f5+ 46. Ke3 Ra2 47. Rh6+ Ke5 48. Rb6 Ra3+ 49. Kf2 Ra2+ 50. Kf3 Ra3+ 51. Kg2 Ra2+ 52. Kh3 Ra1 53. Rh6 Ra3 54. h5 f4 55. Rg6 Rxg3+ 56. Rxg3 fxg3 57. Kxg3 Kf6 58. Kh4 Kg7 59. Kg5 Kh7 60. h6 1/2-1/2

[Event "VIE-chT"]
[Site "Nha Trang"]
[Date "2009.08.27"]
[Round "8"]
[White "Tu, Hoang Thai"]
[Black "Ly, Hong Nguyen"]
[Result "1/2-1/2"]
[WhiteElo "2405"]
[BlackElo "2302"]
[PlyCount "29"]
[EventDate "2009.08.21"]
[EventType "team-tourn"]
[EventRounds "11"]
[EventCountry "VIE"]
[SourceTitle "CBM 132 Extra"]
[Source "ChessBase"]
[SourceDate "2009.11.03"]
[SourceVersion "1"]
[SourceVersionDate "2009.11.03"]
[SourceQuality "1"]

1. d4 d5 2. Nf3 Nf6 3. c4 e6 4. g3 Be7 5. Bg2 0-0 6. 0-0 dxc4 7. Ne5 Nc6 8. Nxc6 bxc6 9. Bxc6 Rb8 10. Nc3 Bb7 11. Bxb7 Rxb7 12. Rb1 Qd7 13. e4 c5 14. d5 exd5 15. exd5 1/2-1/2

[Event "VIE-chT"]
[Site "Nha Trang"]
[Date "2009.08.21"]
[Round "1"]
[White "Ly, Hong Nguyen"]
[Black "Nguyen, Sy Hung"]
[Result "1-0"]
[WhiteElo "2302"]
[BlackElo "2013"]
[PlyCount "79"]
[EventDate "2009.08.21"]
[EventType "team-tourn"]
[EventRounds "11"]
[EventCountry "VIE"]
[SourceTitle "CBM 132 Extra"]
[Source "ChessBase"]
[SourceDate "2009.11.03"]
[SourceVersion "1"]
[SourceVersionDate "2009.11.03"]
[SourceQuality "1"]

1. c4 g6 2. Nc3 Bg7 3. g3 e5 4. Bg2 Ne7 5. Nf3 0-0 6. 0-0 Nbc6 7. Rb1 a5 8. a3 d5 9. cxd5 Nxd5 10. d3 Nb6 11. Nb5 h6 12. Be3 Nd5 13. Bd2 Nce7 14. Rc1 c6 15. Nc3 Nxc3 16. Bxc3 Qc7 17. Nd2 Be6 18. Ne4 Bd5 19. Bd2 Rfd8 20. Nc5 Bxg2 21. Kxg2 Nf5 22. Rc4 Nd6 23. Rc2 b6 24. Na4 Qb7 25. Qc1 Kh7 26. Kg1 c5 27. Be3 f5 28. Nc3 Qf7 29. f3 Qe6 30. Rd1 Re8 31. Bf2 g5 32. e4 Rad8 33. Nd5 fxe4 34. fxe4 Rf8 35. Nxb6 Nb5 36. Nd5 Rxd5 37. exd5 Qxd5 38. Rxc5 Qf3 39. Rf1 Nd6 40. Be3 1-0

[Event "Ho Chi Minh City zt 3.3"]
[Site "Ho Chi Minh City"]
[Date "2009.07.28"]
[Round "8"]
[White "Nguyen, Duc Hoa"]
[Black "Ly, Hong Nguyen"]
[Result "1-0"]
[WhiteElo "2331"]
[BlackElo "2302"]
[PlyCount "81"]
[EventDate "2009.07.23"]
[EventType "swiss"]
[EventRounds "9"]
[EventCountry "VIE"]
[SourceTitle "CBM 131 Extra"]
[Source "ChessBase"]
[SourceDate "2009.09.03"]
[SourceVersion "2"]
[SourceVersionDate "2009.09.16"]
[SourceQuality "1"]

1. d4 d5 2. c4 c6 3. Nf3 Nf6 4. e3 a6 5. Nc3 b5 6. c5 Bg4 7. Qb3 Bxf3 8. gxf3 e5 9. a4 Nbd7 10. Qa3 Rc8 11. axb5 axb5 12. Bh3 exd4 13. exd4 Be7 14. Qa5 0-0 15. Qxd8 Rfxd8 16. Ra6 Nh5 17. Ra7 Nhf6 18. 0-0 Ra8 19. Rc7 Rac8 20. Rxc8 Rxc8 21. Bg5 Re8 22. Ra1 b4 23. Nd1 Nf8 24. Be3 Nh5 25. Ra6 Bf6 26. Kf1 Ne6 27. Rxc6 Nhf4 28. Bxe6 Nxe6 29. Rd6 Bxd4 30. Bxd4 Nxd4 31. Ne3 Ne6 32. c6 d4 33. Nd5 Kf8 34. Nxb4 Rc8 35. Nd5 d3 36. b4 d2 37. Nc3 Nf4 38. b5 Ne6 39. Rxd2 Ke8 40. Ne4 Rb8 41. Rd7 1-0

[Event "Ho Chi Minh City zt 3.3"]
[Site "Ho Chi Minh City"]
[Date "2009.07.23"]
[Round "1"]
[White "Ly, Hong Nguyen"]
[Black "So, Wesley"]
[Result "1/2-1/2"]
[WhiteElo "2302"]
[BlackElo "2646"]
[PlyCount "96"]
[EventDate "2009.07.23"]
[EventType "swiss"]
[EventRounds "9"]
[EventCountry "VIE"]
[SourceTitle "CBM 131 Extra"]
[Source "ChessBase"]
[SourceDate "2009.09.03"]
[SourceVersion "2"]
[SourceVersionDate "2009.09.16"]
[SourceQuality "1"]

1. e4 c5 2. Nf3 e6 3. d4 cxd4 4. Nxd4 Nc6 5. Nc3 Qc7 6. Be2 Nf6 7. 0-0 a6 8. Be3 Bb4 9. Na4 Be7 10. Nxc6 bxc6 11. Nb6 Rb8 12. Nxc8 Qxc8 13. Bd4 Qc7 14. e5 Nd5 15. c4 Nf4 16. Qd2 g5 17. g3 Bb4 18. Qe3 c5 19. Bc3 Bxc3 20. bxc3 Ng6 21. Qxg5 Rb2 22. Rae1 Qxe5 23. Qxe5 Nxe5 24. Rb1 Rxb1 25. Rxb1 Ke7 26. Rb6 Nc6 27. Rxa6 Rb8 28. f4 Rb2 29. Bf3 Kd6 30. Bxc6 dxc6 31. Ra7 f5 32. Rxh7 Rc2 33. Rg7 Rxc3 34. h4 Rxc4 35. h5 Rc1+ 36. Kg2 Rc2+ 37. Kh3 Rxa2 38. h6 Ra1 39. Kg2 Ra2+ 40. Kh3 Ra8 41. h7 Rh8 42. Kg2 e5 43. fxe5+ Kxe5 44. Kf3 Kd4 45. Rd7+ Ke5 46. Rc7 Kd6 47. Rg7 Ke5 48. Rc7 Kd6 1/2-1/2

[Event "VIE-ch U20"]
[Site "Dong Thap"]
[Date "2009.??.??"]
[Round "3.6"]
[White "Ly, Hong Nguyen"]
[Black "Duong, Thuong Cong"]
[Result "0-1"]
[WhiteElo "2302"]
[BlackElo "2003"]
[PlyCount "86"]
[EventDate "2009.07.07"]
[EventType "swiss"]
[EventRounds "9"]
[EventCountry "VIE"]
[SourceTitle "EXT 2019"]
[Source "ChessBase"]
[SourceDate "2018.10.10"]
[SourceVersion "1"]
[SourceVersionDate "2018.10.10"]
[SourceQuality "1"]

1. e4 e5 2. Nf3 d6 3. d4 Bg4 4. dxe5 Nd7 5. h3 Bxf3 6. Qxf3 Nxe5 7. Qb3 Rb8 8. Be3 c6 9. Nd2 b6 10. 0-0-0 Nf6 11. f4 Ng6 12. Nf3 Qc7 13. e5 Ne4 14. e6 f6 15. Bd3 Nc5 16. Bxc5 bxc5 17. Bxg6+ hxg6 18. Qd3 Rh6 19. c4 Be7 20. g4 d5 21. cxd5 Qxf4+ 22. Nd2 Qb4 23. Nc4 cxd5 24. Qxd5 Kf8 25. Rd3 Rd8 26. Qe4 Re8 27. Rb3 Qa4 28. Ra3 Qb5 29. Rxa7 f5 30. Qd5 Qb8 31. Rxe7 Rxe7 32. Ne5 Qe8 33. Re1 fxg4 34. Nc6 Rh5 35. Rf1+ Kg8 36. Nxe7+ Qxe7 37. Qd7 Qg5+ 38. Kb1 Qe3 39. e7 Qe4+ 40. Kc1 Qc4+ 41. Kd2 Rd5+ 42. Qxd5+ Qxd5+ 43. Kc1 Qg5+ 0-1

[Event "VIE-ch U20"]
[Site "Dong Thap"]
[Date "2009.??.??"]
[Round "1.6"]
[White "Ly, Hong Nguyen"]
[Black "Tran, Manh Tien"]
[Result "1/2-1/2"]
[WhiteElo "2302"]
[BlackElo "2283"]
[PlyCount "107"]
[EventDate "2009.07.07"]
[EventType "swiss"]
[EventRounds "9"]
[EventCountry "VIE"]
[SourceTitle "EXT 2019"]
[Source "ChessBase"]
[SourceDate "2018.10.10"]
[SourceVersion "1"]
[SourceVersionDate "2018.10.10"]
[SourceQuality "1"]

1. e4 Nf6 2. e5 Nd5 3. Nc3 c6 4. Nxd5 cxd5 5. d4 d6 6. exd6 Qxd6 7. Bd3 Nc6 8. Ne2 g6 9. 0-0 Bg7 10. c3 0-0 11. Bf4 Qd8 12. Qd2 Re8 13. Rfe1 a6 14. Nc1 e5 15. dxe5 Nxe5 16. Nb3 Nxd3 17. Qxd3 Rxe1+ 18. Rxe1 Bf5 19. Qd2 Rc8 20. Nd4 Bd7 21. Be5 Qb6 22. Bxg7 Kxg7 23. Re5 Qd6 24. Qg5 f6 25. Rxd5 Re8 26. f3 Re1+ 27. Kf2 Qe7 28. Qd2 Rh1 29. Qe2 Kf7 30. h3 Rb1 31. Qd2 Ba4 32. b3 Bd7 33. Ne2 Bc6 34. Rd3 Qa3 35. Qh6 Qc5+ 36. Re3 Kg8 37. Nd4 Rb2+ 38. Kg1 Rb1+ 39. Kf2 Rb2+ 40. Kg1 Rb1+ 41. Kh2 Qd6+ 42. f4 g5 43. Ne6 Qe7 44. fxg5 Rb2 45. Rg3 Qxe6 46. gxf6+ Kf7 47. Qg7+ Ke8 48. f7+ Qxf7 49. Re3+ Kd8 50. Qxf7 Rxg2+ 51. Kh1 Rf2+ 52. Rf3 Rxf3 53. Qc4 Rf4+ 54. Kh2 1/2-1/2

[Event "Singapore Masters 5th"]
[Site "Singapore"]
[Date "2008.12.14"]
[Round "9"]
[White "Ly, Hong Nguyen"]
[Black "Dimakiling, Oliver"]
[Result "0-1"]
[WhiteElo "2305"]
[BlackElo "2448"]
[PlyCount "110"]
[EventDate "2008.12.10"]
[EventType "swiss"]
[EventRounds "9"]
[EventCountry "SIN"]
[SourceTitle "CBM 127 Extra"]
[Source "ChessBase"]
[SourceDate "2009.01.08"]
[SourceVersion "2"]
[SourceVersionDate "2009.01.28"]
[SourceQuality "1"]

1. e4 c5 2. Nf3 d6 3. d4 cxd4 4. Nxd4 a6 5. c4 g6 6. Nc3 Bg7 7. Be2 Nf6 8. 0-0 0-0 9. Bg5 Nc6 10. Nc2 Be6 11. Ne3 Rc8 12. Rc1 Nd7 13. Ned5 f6 14. Be3 Kh8 15. Qd2 f5 16. Bh6 Rg8 17. Bxg7+ Rxg7 18. Rfe1 Bf7 19. Qh6 Nd4 20. Bf1 e6 21. Ne3 e5 22. f4 Nc5 23. exf5 gxf5 24. Kh1 Rg6 25. Qh3 exf4 26. Nc2 Nxc2 27. Rxc2 Qg5 28. Rf2 Rh6 29. Qf3 Rh4 30. Kg1 Qh6 31. Nd5 Ne4 32. g3 fxg3 33. hxg3 Rg8 34. Rxe4 Rxe4 35. Qc3+ Re5 36. Ne7 Rg5 37. Nxf5 Qg6 38. Bh3 Be6 39. Nh4 Qg7 40. Kh2 Bxh3 41. Kxh3 h6 42. Qd3 Re6 43. Rf4 Kg8 44. Qf3 Ree5 45. Rf6 Qd7+ 46. Kh2 Kg7 47. Rf4 d5 48. g4 h5 49. Nf5+ Kh7 50. Nd4 Re7 51. Qd3+ Kg8 52. Nf5 Rh7 53. cxd5 hxg4+ 54. Kg2 Rhh5 55. Ne3 g3 0-1

[Event "VIE-ch"]
[Site "Hue"]
[Date "2007.04.11"]
[Round "9"]
[White "Ly, Hong Nguyen"]
[Black "Tran, Thanh Tu"]
[Result "1-0"]
[WhiteElo "2317"]
[BlackElo "2265"]
[PlyCount "67"]
[EventDate "2007.04.03"]
[EventType "swiss"]
[EventRounds "9"]
[EventCountry "VIE"]
[SourceTitle "EXT 2023"]
[Source "ChessBase"]
[SourceDate "2022.10.05"]
[SourceVersion "1"]
[SourceVersionDate "2022.10.05"]
[SourceQuality "1"]

1. e4 c5 2. Nf3 e6 3. d4 cxd4 4. Nxd4 a6 5. Nc3 Qc7 6. Be2 Nf6 7. 0-0 d6 8. f4 Be7 9. Kh1 Nc6 10. Be3 Bd7 11. Qe1 0-0 12. Qg3 Kh8 13. Rad1 Rad8 14. a3 b5 15. Nxc6 Bxc6 16. Bd4 Qb7 17. Bd3 d5 18. exd5 Bxd5 19. Nxd5 Qxd5 20. Be5 Ne8 21. Qh3 f5 22. Bxf5 Rxf5 23. Rxd5 Rxd5 24. Re1 Kg8 25. Qe3 Bc5 26. Qe2 Rf7 27. Rd1 Rfd7 28. Rxd5 Rxd5 29. g3 Bd6 30. Qg4 Kf7 31. Qh5+ Ke7 32. Bxd6+ Nxd6 33. Qxh7 Nf5 34. g4 1-0

[Event "VIE-ch"]
[Site "Hue"]
[Date "2007.04.09"]
[Round "7"]
[White "Ly, Hong Nguyen"]
[Black "Nguyen, Huu Hoang Anh"]
[Result "1-0"]
[WhiteElo "2317"]
[BlackElo "2042"]
[PlyCount "49"]
[EventDate "2007.04.03"]
[EventType "swiss"]
[EventRounds "9"]
[EventCountry "VIE"]
[SourceTitle "EXT 2023"]
[Source "ChessBase"]
[SourceDate "2022.10.05"]
[SourceVersion "1"]
[SourceVersionDate "2022.10.05"]
[SourceQuality "1"]

1. e4 d6 2. d4 Nf6 3. Nc3 g6 4. f4 Bg7 5. Nf3 0-0 6. Be3 c5 7. dxc5 Qa5 8. Bd3 dxc5 9. e5 Nd5 10. Bd2 Nxc3 11. Bxc3 Qc7 12. Qe2 Nc6 13. 0-0-0 a6 14. h4 Bg4 15. h5 Nb4 16. Bxb4 cxb4 17. hxg6 hxg6 18. Rh4 Qc8 19. Rdh1 Rd8 20. g3 Bxf3 21. Qxf3 e6 22. Kb1 Rf8 23. Qg4 Qe8 24. Rh8+ Bxh8 25. Qh4 1-0

[Event "VIE-ch"]
[Site "Hue"]
[Date "2007.04.05"]
[Round "3"]
[White "Ly, Hong Nguyen"]
[Black "Nguyen, Huynh Minh Huy"]
[Result "0-1"]
[WhiteElo "2317"]
[BlackElo "2397"]
[PlyCount "96"]
[EventDate "2007.04.03"]
[EventType "swiss"]
[EventRounds "9"]
[EventCountry "VIE"]
[SourceTitle "EXT 2023"]
[Source "ChessBase"]
[SourceDate "2022.10.05"]
[SourceVersion "1"]
[SourceVersionDate "2022.10.05"]
[SourceQuality "1"]

1. e4 c5 2. Nf3 d6 3. d4 cxd4 4. Nxd4 Nf6 5. Nc3 a6 6. Be3 e5 7. Nb3 Be6 8. f3 Be7 9. Qd2 0-0 10. 0-0-0 Nbd7 11. g4 b5 12. g5 b4 13. Ne2 Ne8 14. Kb1 a5 15. Nbc1 a4 16. f4 exf4 17. Bxf4 b3 18. cxb3 axb3 19. a3 Nc5 20. Bg2 d5 21. Nd4 Nd6 22. Nxe6 Nxe6 23. Bxd6 Qxd6 24. exd5 Bxg5 25. Qb4 Nc5 26. Nd3 Rfc8 27. h4 Rab8 28. Qg4 Bf6 29. Rc1 Nd7 30. Bh3 Rd8 31. Rhe1 Qxd5 32. Rcd1 h5 33. Qe2 Qc4 34. Rc1 Qxh4 35. Bg2 Nf8 36. Nb4 Re8 37. Be4 g6 38. Nd5 Bg7 39. Qg2 Re5 40. Nc3 Qe7 41. Rf1 f5 42. Bd5+ Kh7 43. Rh1 Re3 44. Bf3 Rd8 45. Qf2 Qe5 46. Rhe1 Rdd3 47. Rxe3 Rxe3 48. Nd5 Rxf3 0-1